| 000 | 00503 a2200157 4500 | ||
|---|---|---|---|
| 020 | _a0538682965 | ||
| 040 |
_aDLC _bDLC |
||
| 082 | _a808.0666 | ||
| 100 | 1 | _aMehlich, Sue. | |
| 245 | 1 | 0 |
_aTechnical writing for success : a school-to-work approach _cSue Mehlich, Darlene Smith-Worthington. |
| 260 |
_aCincinnati, Ohio : _bSouth-Western Educational Publishing, _c1997. |
||
| 300 |
_a400 p. : _bill. |
||
| 650 | 0 | _aTechnical writing. | |
| 700 | 1 | _aSmith-Worthington, Darlene. | |
| 942 |
_cBK _k808.0666 MEH _2ddc |
||
| 999 |
_c4909 _d4909 |
||